[Event "IRI-ch U12"]
[Site "Chess.com INT"]
[Date "2021.01.16"]
[Round "2"]
[White "Akhoundy, Aria"]
[Black "Ghorbani, Arad"]
[Result "0-1"]
[WhiteElo "1058"]
[BlackElo "1399"]
[PlyCount "72"]
[EventDate "2021.01.16"]
[EventType "swiss"]
[EventRounds "11"]
[EventCountry "IRI"]
[SourceTitle "EXT 2022"]
[Source "ChessBase"]
[SourceDate "2021.10.06"]
[SourceVersion "1"]
[SourceVersionDate "2021.10.06"]
[SourceQuality "1"]

1. e4 c5 2. Nf3 d6 3. d4 cxd4 4. Nxd4 Nf6 5. Nc3 a6 6. Bd3 e5 7. Nf3 Be7 8. Bg5 Be6 9. Qd2 Nbd7 10. h4 0-0 11. 0-0 b5 12. Ne2 Nc5 13. Rac1 Nfxe4 14. Bxe4 Nxe4 15. Qe3 Nxg5 16. Nxg5 Bg4 17. Ng3 h6 18. Nf3 Rc8 19. h5 Bxf3 20. Qxf3 Bg5 21. Rb1 Rxc2 22. Qd3 Rd2 23. Qa3 d5 24. Qxa6 Bf4 25. Qxb5 Qh4 26. Qb3 e4 27. Rbd1 Rxf2 28. Kxf2 Rb8 29. Qc3 Bxg3+ 30. Ke2 Qxh5+ 31. Kd2 Qg5+ 32. Kc2 Be5 33. Qa3 Qxg2+ 34. Rd2 Qxf1 35. b3 Rc8+ 36. Qc5 Rxc5# 0-1